000
00406nam a2200145Ia 4500
008
100122s9999 xx 000 0 und d
082
_b
37915
_a
823.08
100
_a
नरवणे सुधा
245
_a
इंद्रधनु
260
_b
सन पब्लिकेशन
_c
1905
300
_a
162
630
_a
इंद्रधनु
730
_a
इंद्रधनु
942
_c
BOOK
999
_c
420259
_d
420256